| 000 | 00803nam a2200253 i 4500 | ||
|---|---|---|---|
| 001 | bg | ||
| 100 | 1 | _aPOPENDA, Jerzy. | |
| 245 | 0 | 0 |
_aMatematyka na Derive. _nT. 2, _pGeometria analityczna i różniczkowa / _cJerzy Popenda, Anna Andruch-Sobiło. |
| 260 |
_aPoznań : _bWydaw. Politechniki Poznańskiej, _c1997. |
||
| 300 |
_a194 s. : _bwykr. ; _c24 cm. |
||
| 504 | _aBibliogr. s. 190. - Indeks. | ||
| 650 | 9 | _aDerive | |
| 650 | 9 |
_aGeometria analityczna _xautomatyzacja |
|
| 650 | 9 |
_aGeometria różniczkowa _xautomatyzacja |
|
| 655 | _aPodręczniki akademickie | ||
| 700 | 1 | _aANDRUCH-SOBIŁO, Anna. | |
| 020 | _a8371431554 | ||
| 040 | _cBPK | ||
| 041 | 0 | _apl | |
| 080 | _a514.12+514.7:004.42](075.8) | ||
| 920 | _a83-7143-155-4 | ||
| 942 | _cKS | ||
| 008 | s pl f |000 0 pol | ||
| 999 |
_c32614 _d32614 |
||
| 856 |
_uhttp://koha.tu.koszalin.pl/cgi-bin/koha/opac-detail.pl?biblionumber=32614 _yKatalog online BPK |
||